| 000 | 00575nam a2200193 i 4500 | ||
|---|---|---|---|
| 001 | bg | ||
| 100 | 1 | _aCEDRO, Lech | |
| 245 | 0 |
_aĆwiczenia laboratoryjne z obróbki cieplnej / _cL. Cedro, W. Gowin, M. Hendel. |
|
| 260 |
_aKielce, _c1981. |
||
| 490 | 1 |
_aSkrypty Uczelniane Politechniki Świętokrzyskiej ; _vnr 95 |
|
| 700 | 1 | _aGOWIN, Wacław | |
| 700 | 1 | _aHENDEL, Marek | |
| 830 | _aSkrypty Uczelniane Politechniki Świętokrzyskiej ; | ||
| 040 | _cBPK | ||
| 041 | _apol | ||
| 080 | _a621.78(075.8)(076) | ||
| 942 | _cKS | ||
| 008 | s pl f |000 0 pol | ||
| 999 |
_c21074 _d21074 |
||
| 856 |
_uhttp://koha.tu.koszalin.pl/cgi-bin/koha/opac-detail.pl?biblionumber=21074 _yKatalog online BPK |
||